| 000 | 00693nam a22002177a 4500 | ||
|---|---|---|---|
| 003 | 0 | ||
| 005 | 20240927150156.0 | ||
| 008 | 240927b xxu||||| |||| 00| 0 eng d | ||
| 020 | _a9781647267056 | ||
| 050 |
_aQA 76.754 _b.M36 2024 |
||
| 100 |
_aMcNeil, Ryan, _eauthor. |
||
| 245 |
_aSoftware architecture : _ban introduction / _cRyan McNeil. |
||
| 260 |
_aNew York, NY : _bClanrye International, _c2024. |
||
| 300 |
_avi, 222 p. : _bcol. ill. ; _c27 cm. |
||
| 440 | _aEdu-Tech Learning. | ||
| 504 | _aIncludes bibliographical references and index. | ||
| 650 | _aSoftware architecture. | ||
| 650 |
_aSoftware architecture _xStandards. |
||
| 650 | _aSoftware engineering. | ||
| 942 |
_2lcc _cBK |
||
| 999 |
_c366408 _d366408 |
||